[Event "2. Bundesliga West 2012/13"]
[Site "Bregenz"]
[Date "2013.01.13"]
[Round "8"]
[Board "3"]
[White "Atlas, Dmitry"]
[Black "Hoellrigl, Wilfried"]
[Result "0-1"]
[WhiteElo "2255"]
[BlackElo "2199"]
[PlyCount "124"]
[EventDate "2012.10.05"]
[EventType "team"]
[EventRounds "11"]
[EventCountry "AUT"]
[WhiteTeam "Hohenems II"]
[BlackTeam "Rochade Rum"]

1. e4 Nf6 2. e5 Nd5 3. d4 d6 4. Nf3 Bg4 5. Be2 e6 6. c4 Nb6 7. exd6 cxd6 8. h3
Bh5 9. b3 Be7 10. Bb2 O-O 11. Nbd2 Nc6 12. O-O d5 13. Rc1 Bf6 14. c5 Nd7 15.
Re1 a5 16. a3 Bg6 17. Bb5 Qc7 18. Qe2 Rfe8 19. Ne5 Ndxe5 20. dxe5 Bg5 21. g3
Bxd2 22. Qxd2 Red8 23. Qf4 h6 24. h4 Rac8 25. g4 Qe7 26. h5 Bh7 27. Bxc6 bxc6
28. Bd4 Rb8 29. Re3 Rb5 30. Rcc3 Rdb8 31. Rg3 Qg5 32. Qxg5 hxg5 33. Rh3 Bb1 34.
h6 gxh6 35. Rxh6 Rxb3 36. Rh5 Bg6 37. Rxg5 Rb1+ 38. Kg2 Rd1 39. Be3 Kh7 40. Rc1
Rxc1 41. Bxc1 d4 42. Kf3 Rb5 43. Bd2 Rxc5 44. Ke2 a4 45. f4 Rd5 46. Kd1 c5 47.
f5 c4 48. Bb4 Rb5 49. Bd6 Rb7 50. Bc5 Kh6 51. Rxg6+ fxg6 52. fxe6 d3 53. e7 Rb8
54. Be3+ Kg7 55. Kd2 Rb2+ 56. Kc1 Rc2+ 57. Kd1 Kf7 58. Bc5 Rg2 59. Bb4 Rxg4 60.
e6+ Ke8 61. Kd2 Rg2+ 62. Kd1 g5 0-1

[Event "2. Bundesliga West 2012/13"]
[Site "Bregenz"]
[Date "2013.01.13"]
[Round "8"]
[Board "4"]
[White "Jedinger, Andreas"]
[Black "Kessler, Luca"]
[Result "1-0"]
[WhiteElo "2174"]
[BlackElo "2242"]
[PlyCount "93"]
[EventDate "2012.10.05"]
[EventType "team"]
[EventRounds "11"]
[EventCountry "AUT"]
[WhiteTeam "Rochade Rum"]
[BlackTeam "Hohenems II"]

1. c4 e6 2. Nc3 d5 3. d4 Nf6 4. cxd5 exd5 5. Bg5 c6 6. e3 Bf5 7. Qf3 Bg6 8.
Bxf6 Qxf6 9. Qxf6 gxf6 10. g3 Nd7 11. h4 Nb6 12. Nge2 a5 13. Nf4 a4 14. a3 Bd6
15. Be2 Bxf4 16. gxf4 Nc8 17. Kd2 Nd6 18. Rag1 Ke7 19. Bd3 b5 20. h5 Bxd3 21.
Kxd3 Rhg8 22. Ne2 Ne4 23. Rh2 Rxg1 24. Nxg1 Rg8 25. Ne2 f5 26. Kc2 h6 27. Nc1
Rg1 28. Nd3 Nf6 29. Ne5 Ng4 30. Rh4 Nxe5 31. fxe5 Rg2 32. Rf4 Ke6 33. Kc3 Rh2
34. Kb4 Rxh5 35. Kc5 Kd7 36. Kb6 Rg5 37. Rh4 Rg6 38. Rh5 f6 39. Rxf5 fxe5 40.
dxe5 Ke6 41. Rh5 Rg2 42. f4 Rxb2 43. Rxh6+ Kf5 44. Rf6+ Kg4 45. e6 Re2 46. Kxc6
Rxe3 47. Kd7 1-0

[Event "2. Bundesliga West 2012/13"]
[Site "Bregenz"]
[Date "2013.01.13"]
[Round "8"]
[Board "5"]
[White "Burschowsky, Matthias"]
[Black "Muehlbacher, Bernhard"]
[Result "1-0"]
[WhiteElo "2234"]
[BlackElo "2068"]
[PlyCount "69"]
[EventDate "2012.10.05"]
[EventType "team"]
[EventRounds "11"]
[EventCountry "AUT"]
[WhiteTeam "Hohenems II"]
[BlackTeam "Rochade Rum"]

1. Nf3 c5 2. c4 Nc6 3. g3 g6 4. Bg2 Bg7 5. Nc3 Nf6 6. O-O O-O 7. d4 cxd4 8.
Nxd4 Nxd4 9. Qxd4 d6 10. Qd3 Rb8 11. e4 Be6 12. b3 Qc8 13. Rd1 Bh3 14. Bh1 Re8
15. Be3 b6 16. f3 h5 17. Rac1 Kh7 18. Qd2 Rb7 19. Qf2 Rh8 20. Bg2 Bxg2 21. Kxg2
h4 22. gxh4 Nh5 23. Ne2 Bf6 24. Bg5 Be5 25. h3 f6 26. Be3 f5 27. Bd4 fxe4 28.
fxe4 Rf8 29. Qg1 Bf4 30. Be3 Qe6 31. Nxf4 Nxf4+ 32. Bxf4 Qxe4+ 33. Kh2 Qxf4+
34. Qg3 Qf2+ 35. Qg2 {Rest unleserlich} 1-0

[Event "2. Bundesliga West 2012/13"]
[Site "Bregenz"]
[Date "2013.01.13"]
[Round "8"]
[Board "6"]
[White "Steger, Gerhard"]
[Black "Hofer, Emilian"]
[Result "0-1"]
[WhiteElo "2003"]
[BlackElo "1912"]
[PlyCount "66"]
[EventDate "2012.10.05"]
[EventType "team"]
[EventRounds "11"]
[EventCountry "AUT"]
[WhiteTeam "Rochade Rum"]
[BlackTeam "Hohenems II"]

1. Nf3 Nf6 2. g3 d5 3. Bg2 c6 4. O-O Bg4 5. Ne5 Bf5 6. c4 e6 7. cxd5 exd5 8.
Qb3 Qb6 9. Qa4 Qb4 10. Qxb4 Bxb4 11. d3 Bd6 12. f4 Nbd7 13. e4 dxe4 14. dxe4
Bxe4 15. Bxe4 Nxe4 16. Re1 f5 17. Nc3 Ndf6 18. g4 O-O 19. g5 Nxc3 20. gxf6 Ne4
21. fxg7 Kxg7 22. Be3 Bxe5 23. fxe5 Kf7 24. Rad1 Ke6 25. Bd4 c5 26. Be3 b6 27.
Bf4 Rg8+ 28. Bg3 Rad8 29. Rxd8 Rxd8 30. Re2 Rg8 31. Kg2 Nxg3 32. hxg3 f4 33. g4
h5 {Rest unleserlich} 0-1

[Event "2. Bundesliga West 2012/13"]
[Site "Bregenz"]
[Date "2013.01.13"]
[Round "8"]
[Board "1"]
[White "Serafimov, Tervel"]
[Black "Fuchs, Georg"]
[Result "1/2-1/2"]
[WhiteElo "2425"]
[BlackElo "2308"]
[PlyCount "60"]
[EventDate "2012.10.05"]
[EventType "team"]
[EventRounds "11"]
[EventCountry "AUT"]
[WhiteTeam "Bregenz"]
[BlackTeam "Schwaz"]

1. g3 d5 2. Bg2 e5 3. c4 c6 4. d4 e4 5. Nc3 Nf6 6. Bg5 Nbd7 7. cxd5 cxd5 8. Nh3
h6 9. Bf4 Qb6 10. O-O Qxb2 11. Qe1 a6 12. Rb1 Qa3 13. f3 Bb4 14. Rb3 Qa5 15. a3
Bxc3 16. Rxc3 Qa4 17. Qd2 O-O 18. Rb1 a5 19. Nf2 Re8 20. e3 b5 21. Nd1 b4 22.
axb4 axb4 23. Rcb3 Ba6 24. Rxb4 Qa3 25. Nf2 exf3 26. Bxf3 g5 27. R1b3 Qa1+ 28.
Rb1 Qa3 29. R1b3 Qa1+ 30. Rb1 Qa3 1/2-1/2

[Event "2. Bundesliga West 2012/13"]
[Site "Bregenz"]
[Date "2013.01.13"]
[Round "8"]
[Board "2"]
[White "Blaas, Hansjoerg"]
[Black "Weindl, Alfred"]
[Result "1/2-1/2"]
[WhiteElo "2259"]
[BlackElo "2329"]
[PlyCount "116"]
[EventDate "2012.10.05"]
[EventType "team"]
[EventRounds "11"]
[EventCountry "AUT"]
[WhiteTeam "Schwaz"]
[BlackTeam "Bregenz"]

1. e4 c5 2. Nf3 Nc6 3. Bb5 g6 4. c3 Bg7 5. d4 cxd4 6. cxd4 Nf6 7. Nc3 d5 8.
exd5 Nxd5 9. Qa4 O-O 10. Bxc6 Nb6 11. Qd1 bxc6 12. O-O Bg4 13. Be3 Nd5 14. h3
Bxf3 15. Qxf3 Rb8 16. Nxd5 Qxd5 17. Qxd5 cxd5 18. b3 Rfc8 19. Rac1 e6 20. Rfd1
Bf8 21. Bf4 Ra8 22. Rxc8 Rxc8 23. Rc1 Rxc1+ 24. Bxc1 Bg7 25. Be3 Kf8 26. Kf1
Ke7 27. Ke2 Kd6 28. Kd3 Kc6 29. Bd2 Bf8 30. a4 Bd6 31. b4 a6 32. f4 f5 33. Ke3
Be7 34. Kf3 Bf6 35. Be3 Be7 36. Bd2 Bf6 37. Be3 Bh4 38. Bd2 Bd8 39. Be3 Bb6 40.
Ke2 Bc7 41. Kf3 Bd8 42. Bd2 Bh4 43. Bc3 Bf6 44. Ke3 h6 45. g3 Bd8 46. Kf3 Bc7
47. Bd2 Bb6 48. Be3 Bd8 49. Bc1 Be7 50. Bd2 Bf6 51. Be3 Be7 52. Bd2 Bd6 53. Kf2
Bf8 54. Kf3 Bg7 55. Be3 Bf6 56. Kf2 Bd8 57. Kf3 Bb6 58. Ke2 Bd8 1/2-1/2

[Event "2. Bundesliga West 2012/13"]
[Site "Bregenz"]
[Date "2013.01.13"]
[Round "8"]
[Board "3"]
[White "Herbrechtsmeier, Christof"]
[Black "Gruber, Michael"]
[Result "1/2-1/2"]
[WhiteElo "2283"]
[BlackElo "2155"]
[PlyCount "59"]
[EventDate "2012.10.05"]
[EventType "team"]
[EventRounds "11"]
[EventCountry "AUT"]
[WhiteTeam "Bregenz"]
[BlackTeam "Schwaz"]

1. e4 e5 2. Nf3 Nc6 3. Bc4 Bc5 4. c3 Nf6 5. d4 exd4 6. cxd4 Bb4+ 7. Bd2 Bxd2+
8. Nbxd2 d5 9. exd5 Nxd5 10. Qb3 Na5 11. Qa4+ Nc6 12. Qb3 Na5 13. Qa4+ Nc6 14.
Qa3 Qe7+ 15. Qxe7+ Ncxe7 16. O-O Bf5 17. Bxd5 Nxd5 18. Rfe1+ Be6 19. Ng5 Kd7
20. Ndf3 Raf8 21. a3 c6 22. g3 Nc7 23. Nxe6 Nxe6 24. Ne5+ Kd6 25. Rad1 Nc7 26.
Nc4+ Kd7 27. Ne3 Re8 28. Kf1 Nd5 29. Nxd5 Rxe1+ 30. Kxe1 1/2-1/2

[Event "2. Bundesliga West 2012/13"]
[Site "Bregenz"]
[Date "2013.01.13"]
[Round "8"]
[Board "6"]
[White "Streiter, Gerhard"]
[Black "Mira, Helene"]
[Result "1-0"]
[WhiteElo "2005"]
[BlackElo "2084"]
[PlyCount "61"]
[EventDate "2012.10.05"]
[EventType "team"]
[EventRounds "11"]
[EventCountry "AUT"]
[WhiteTeam "Schwaz"]
[BlackTeam "Bregenz"]

1. e4 e5 2. Bc4 Nf6 3. d3 Bc5 4. Nf3 d6 5. O-O Nc6 6. c3 a6 7. Bb3 Ba7 8. h3
O-O 9. Re1 h6 10. Nbd2 Be6 11. Bc2 Ne7 12. Nf1 Ng6 13. Ng3 c6 14. d4 Qc7 15.
Be3 Rfe8 16. Qd2 d5 17. Nxe5 Nxe5 18. dxe5 Bxe3 19. Qxe3 Qxe5 20. f4 Qb8 21. e5
Nh7 22. Qd3 Nf8 23. Nh5 Bd7 24. Qg3 g6 25. Nf6+ Kg7 26. Nxe8+ Bxe8 27. f5 Qc7
28. Qf2 g5 29. f6+ Kg8 30. h4 b5 31. Qg3 1-0

[Event "2. Bundesliga West 2012/13"]
[Site "Bregenz"]
[Date "2013.01.13"]
[Round "8"]
[Board "1"]
[White "Prusikin, Michael"]
[Black "Kleissl, Helmut"]
[Result "1-0"]
[WhiteElo "2543"]
[BlackElo "2290"]
[PlyCount "80"]
[EventDate "2012.10.05"]
[EventType "team"]
[EventRounds "11"]
[EventCountry "AUT"]
[WhiteTeam "SIR Bernhard"]
[BlackTeam "Zillertal"]

1. d4 g6 2. Nf3 Bg7 3. c4 d6 4. Nc3 Bg4 5. e3 c5 6. Be2 cxd4 7. exd4 Nh6 8. O-O
O-O 9. d5 Nf5 10. Bd2 Nd7 11. b3 a6 12. a4 a5 13. Rb1 Nc5 14. Nb5 Bxf3 15. Bxf3
h5 16. Re1 Bf6 17. Be4 Qd7 18. Bc2 b6 19. Qf3 Nd4 20. Nxd4 Bxd4 21. Re2 Bf6 22.
Rbe1 Qg4 23. Qe3 Rfe8 24. h3 Qd7 25. Qf3 Rad8 26. Bh6 Rb8 27. Re6 Qd8 28. R6e2
Nd7 29. g3 Bg7 30. Bg5 Bf6 31. Bd2 Bg7 32. Qg2 Bf6 33. f4 Kg7 34. Qf3 Bd4+ 35.
Kg2 Nf8 36. f5 Bf6 37. fxg6 Nxg6 38. Qxh5 Rh8 39. Qg4 Qc8 40. Bf5 Qc7 1-0

[Event "2. Bundesliga West 2012/13"]
[Site "Bregenz"]
[Date "2013.01.13"]
[Round "8"]
[Board "4"]
[White "Schiestl, Josef"]
[Black "Huch, Reiner"]
[Result "0-1"]
[WhiteElo "2115"]
[BlackElo "2317"]
[PlyCount "64"]
[EventDate "2012.10.05"]
[EventType "team"]
[EventRounds "11"]
[EventCountry "AUT"]
[WhiteTeam "Zillertal"]
[BlackTeam "SIR Bernhard"]

1. e4 e6 2. d4 d5 3. Nd2 Nf6 4. Bd3 c5 5. e5 Nfd7 6. c3 Nc6 7. Ne2 cxd4 8. cxd4
f6 9. exf6 Qxf6 10. Nf3 h6 11. O-O Bd6 12. Be3 a6 13. Rc1 O-O 14. Bb1 Rd8 15.
Ng3 Nf8 16. Re1 Bd7 17. a3 Be8 18. Qd2 Bg6 19. Bxg6 Nxg6 20. Ne2 Nce7 21. Qd3
Nf5 22. Bd2 Rf8 23. Rf1 Ngh4 24. Nxh4 Qxh4 25. g3 Qh3 26. f4 Rac8 27. Rc3 Rxc3
28. Qxc3 b5 29. Qf3 Bb8 30. Kh1 Ba7 31. Bc3 Rf6 32. Ng1 Nxg3+ 0-1

[Event "2. Bundesliga West 2012/13"]
[Site "Bregenz"]
[Date "2013.01.13"]
[Round "8"]
[Board "5"]
[White "Pflug, Mathias"]
[Black "Kroell, Johannes"]
[Result "0-1"]
[WhiteElo "2305"]
[BlackElo "2205"]
[PlyCount "48"]
[EventDate "2012.10.05"]
[EventType "team"]
[EventRounds "11"]
[EventCountry "AUT"]
[WhiteTeam "SIR Bernhard"]
[BlackTeam "Zillertal"]

1. e4 e6 2. d4 b5 3. Bxb5 Bb7 4. Bd3 f5 5. Qe2 Nf6 6. Nd2 c5 7. dxc5 Bxc5 8.
Ngf3 O-O 9. O-O Nc6 10. c3 Qc7 11. e5 Nd5 12. Nc4 h6 13. Bd2 a5 14. Nh4 Rf7 15.
Ng6 Nde7 16. Nf4 g5 17. Nh5 Ng6 18. Rfe1 Nce7 19. Kf1 Nh4 20. f3 g4 21. Nf6+
Rxf6 22. exf6 Qxh2 23. f7+ Kh7 24. Be3 Qh1+ 0-1

[Event "2. Bundesliga West 2012/13"]
[Site "Bregenz"]
[Date "2013.01.13"]
[Round "8"]
[Board "6"]
[White "Eberharter, Johann"]
[Black "Lickleder, Andreas"]
[Result "1/2-1/2"]
[WhiteElo "2073"]
[BlackElo "2239"]
[PlyCount "59"]
[EventDate "2012.10.05"]
[EventType "team"]
[EventRounds "11"]
[EventCountry "AUT"]
[WhiteTeam "Zillertal"]
[BlackTeam "SIR Bernhard"]

1. Nf3 c5 2. b3 Nf6 3. Bb2 e6 4. c4 Be7 5. e3 O-O 6. Be2 Nc6 7. O-O d5 8. cxd5
Nxd5 9. a3 Bf6 10. Qc2 Bxb2 11. Qxb2 b6 12. Nc3 Qf6 13. Qc2 Nxc3 14. Qxc3 Bb7
15. Qxf6 gxf6 16. Rab1 Rfd8 17. b4 Ne5 18. bxc5 Nxf3+ 19. Bxf3 Bxf3 20. gxf3
bxc5 21. Rb2 Rac8 22. Rc1 Rd3 23. Rc3 Rxc3 24. dxc3 Rc6 25. Kf1 Ra6 26. Rb5
Rxa3 27. Rxc5 Ra2 28. f4 Rc2 29. Ra5 Rxc3 30. Rxa7 1/2-1/2

[Event "2. Bundesliga West 2012/13"]
[Site "Bregenz"]
[Date "2013.01.13"]
[Round "8"]
[Board "2"]
[White "Blaskowski, Johannes"]
[Black "Panteleev, Petar"]
[Result "0-1"]
[WhiteElo "2312"]
[BlackElo "2306"]
[PlyCount "78"]
[EventDate "2012.10.05"]
[EventType "team"]
[EventRounds "11"]
[EventCountry "AUT"]
[WhiteTeam "Kufstein / Woergl"]
[BlackTeam "Mozart-Wals-Treuhand"]

1. e4 e5 2. Nf3 Nc6 3. Bc4 Bc5 4. c3 Nf6 5. d4 exd4 6. cxd4 Bb4+ 7. Nc3 Nxe4 8.
O-O Bxc3 9. d5 Ne5 10. Qe2 O-O 11. bxc3 Nxc4 12. Qxe4 Nd6 13. Qd3 Qf6 14. Re1
Qg6 15. Qd4 f6 16. c4 b6 17. c5 Nf5 18. Qc4 d6 19. c6 a5 20. Qe4 h5 21. Nd4 Kh7
22. Nb5 Rf7 23. Bf4 Ba6 24. a4 Bxb5 25. axb5 Nh4 26. Bg3 Qxe4 27. Rxe4 Nf5 28.
f3 Re7 29. Bf2 Re5 30. Rd1 Rae8 31. Rde1 g5 32. Kf1 Kg6 33. Rc1 Kf7 34. Rxe5
Rxe5 35. Bxb6 cxb6 36. c7 Ne7 37. c8=Q Nxc8 38. Rxc8 Rxd5 39. Rc6 Rxb5 0-1

[Event "2. Bundesliga West 2012/13"]
[Site "Bregenz"]
[Date "2013.01.13"]
[Round "8"]
[Board "3"]
[White "Hanel, Reinhard"]
[Black "Rusche, Johannes"]
[Result "1-0"]
[WhiteElo "2286"]
[BlackElo "2220"]
[PlyCount "37"]
[EventDate "2012.10.05"]
[EventType "team"]
[EventRounds "11"]
[EventCountry "AUT"]
[WhiteTeam "Mozart-Wals-Treuhand"]
[BlackTeam "Kufstein / Woergl"]

1. c4 Nf6 2. Nf3 e6 3. g3 a6 4. Bg2 b5 5. b3 Bb7 6. O-O c5 7. Bb2 Be7 8. cxb5
axb5 9. d4 Na6 10. Nc3 Qb6 11. e4 O-O 12. d5 Nc7 13. Re1 exd5 14. exd5 Bd6 15.
Ng5 Rae8 16. Nce4 Nxe4 17. Bxe4 f5 18. Qh5 h6 19. Qg6 1-0

[Event "2. Bundesliga West 2012/13"]
[Site "Bregenz"]
[Date "2013.01.13"]
[Round "8"]
[Board "4"]
[White "Steinbacher, Thomas"]
[Black "Opl, Klaus"]
[Result "1/2-1/2"]
[WhiteElo "2072"]
[BlackElo "2318"]
[PlyCount "91"]
[EventDate "2012.10.05"]
[EventType "team"]
[EventRounds "11"]
[EventCountry "AUT"]
[WhiteTeam "Kufstein / Woergl"]
[BlackTeam "Mozart-Wals-Treuhand"]

1. d4 Nf6 2. Nc3 d5 3. Bg5 Bf5 4. f3 c6 5. Qd2 Nbd7 6. O-O-O h6 7. Bh4 e6 8. e4
dxe4 9. d5 exd5 10. fxe4 dxe4 11. Bxf6 Nxf6 12. Qf4 Qa5 13. Nge2 Be7 14. Ng3
Be6 15. Ngxe4 O-O 16. Bd3 Nd5 17. Qf3 Nxc3 18. Nxc3 Bxa2 19. Nxa2 Qxa2 20. c3
Bg5+ 21. Kc2 Qa4+ 22. Kb1 Qf4 23. Qh3 Rad8 24. Bc2 Qe3 25. Qf5 g6 26. Qg4 Qf4
27. Qe2 Rd2 28. Rxd2 Qxd2 29. Qe4 Qf4 30. Qe2 Qe3 31. Qc4 Kg7 32. Rf1 Bf6 33.
Rd1 Rd8 34. Rxd8 Bxd8 35. Bb3 Qf2 36. h3 Qf6 37. g4 b5 38. Qd3 Bb6 39. Qd7 a5
40. Qd3 a4 41. Bd1 Bc5 42. Bf3 a3 43. bxa3 Bxa3 44. Qd4 c5 45. Qxf6+ Kxf6 46.
Bd5 1/2-1/2

[Event "2. Bundesliga West 2012/13"]
[Site "Bregenz"]
[Date "2013.01.13"]
[Round "8"]
[Board "5"]
[White "Peterwagner, Heinz"]
[Black "Kranewitter, Norbert"]
[Result "1/2-1/2"]
[WhiteElo "2129"]
[BlackElo "2074"]
[PlyCount "59"]
[EventDate "2012.10.05"]
[EventType "team"]
[EventRounds "11"]
[EventCountry "AUT"]
[WhiteTeam "Mozart-Wals-Treuhand"]
[BlackTeam "Kufstein / Woergl"]

1. e4 c6 2. d4 d5 3. Nc3 dxe4 4. Nxe4 Bf5 5. Ng3 Bg6 6. Nf3 Nd7 7. h4 h6 8. h5
Bh7 9. Bd3 Bxd3 10. Qxd3 e6 11. Bd2 Ngf6 12. Qe2 Be7 13. O-O-O O-O 14. Ne5 Rc8
15. Kb1 c5 16. dxc5 Nxe5 17. Qxe5 Rxc5 18. Qe2 Rd5 19. c4 Rd7 20. Bc3 Qc7 21.
Rxd7 Qxd7 22. Ne4 Nxe4 23. Qxe4 Rd8 24. Re1 Bf8 25. Rc1 Bc5 26. f3 Qc7 27. g4
Qb6 28. Bd2 Bb4 29. Bxb4 Qxb4 30. Qe2 1/2-1/2

[Event "2. Bundesliga West 2012/13"]
[Site "Bregenz"]
[Date "2013.01.13"]
[Round "8"]
[Board "6"]
[White "Atzl, Florian"]
[Black "Halilovic, Husejin"]
[Result "1/2-1/2"]
[WhiteElo "1738"]
[BlackElo "2058"]
[PlyCount "64"]
[EventDate "2012.10.05"]
[EventType "team"]
[EventRounds "11"]
[EventCountry "AUT"]
[WhiteTeam "Kufstein / Woergl"]
[BlackTeam "Mozart-Wals-Treuhand"]

1. e4 c5 2. Nf3 d6 3. d4 cxd4 4. Nxd4 Nf6 5. Nc3 a6 6. Be2 e5 7. Nf3 Be7 8. O-O
O-O 9. Re1 h6 10. h3 Be6 11. Nh2 Nbd7 12. Bf1 Rc8 13. Qf3 b5 14. a3 Nb6 15. Bd2
Qd7 16. Rad1 Rc7 17. Be3 Nc4 18. Bxc4 Rxc4 19. Nf1 Rfc8 20. Ng3 a5 21. Bc1 Kh7
22. Nf1 g6 23. Ne3 Rd4 24. Rxd4 exd4 25. Ned5 Qd8 26. Nxe7 Qxe7 27. Nxb5 Rxc2
28. Nxd4 Rc4 29. Qe3 Ng8 30. Nxe6 Qxe6 31. Bd2 a4 32. Bc3 Nf6 1/2-1/2

[Event "2. Bundesliga West 2012/13"]
[Site "Bregenz"]
[Date "2013.01.13"]
[Round "8"]
[Board "1"]
[White "Medvegy, Zoltan"]
[Black "Brumen, Dinko"]
[Result "1/2-1/2"]
[WhiteElo "2555"]
[BlackElo "2357"]
[PlyCount "73"]
[EventDate "2012.10.05"]
[EventType "team"]
[EventRounds "11"]
[EventCountry "AUT"]
[WhiteTeam "ATSV Ranshofen"]
[BlackTeam "Schwarzach"]

1. c4 e6 2. Nf3 Nf6 3. g3 d5 4. Bg2 Be7 5. O-O O-O 6. b3 b6 7. Bb2 Bb7 8. e3 c5
9. Nc3 Nc6 10. cxd5 Nxd5 11. Nxd5 exd5 12. d4 c4 13. bxc4 dxc4 14. Ne5 Nxe5 15.
Bxb7 Rb8 16. Be4 Nd7 17. Qa4 Qc7 18. Qb5 Nf6 19. Bg2 Ne8 20. e4 Nd6 21. Qa6 b5
22. e5 Nc8 23. d5 Bb4 24. Bd4 Bc5 25. d6 Qb6 26. Qxb6 Bxb6 27. Rfd1 Rd8 28.
Rab1 a6 29. a3 Bxd4 30. Rxd4 Nb6 31. f4 Nd7 32. Bh3 Nc5 33. Rd5 Na4 34. Rd4 g6
35. Bg2 a5 36. Bc6 Rb6 37. Be4 1/2-1/2

[Event "2. Bundesliga West 2012/13"]
[Site "Bregenz"]
[Date "2013.01.13"]
[Round "8"]
[Board "2"]
[White "Hecht, Hans-Joachim"]
[Black "Webersberger, Johann"]
[Result "1/2-1/2"]
[WhiteElo "2357"]
[BlackElo "2392"]
[PlyCount "73"]
[EventDate "2012.10.05"]
[EventType "team"]
[EventRounds "11"]
[EventCountry "AUT"]
[WhiteTeam "Schwarzach"]
[BlackTeam "ATSV Ranshofen"]

1. d4 Nf6 2. c4 c5 3. d5 d6 4. Nc3 g6 5. e4 Bg7 6. Bd3 O-O 7. Nf3 e6 8. Bg5 h6
9. Bf4 exd5 10. cxd5 Bg4 11. Qd2 Bxf3 12. gxf3 Kh7 13. O-O Nh5 14. Bg3 Nd7 15.
f4 a6 16. a4 Rc8 17. Rfe1 Qa5 18. e5 c4 19. Bc2 dxe5 20. f5 Nxg3 21. hxg3 Nc5
22. Rad1 e4 23. Bxe4 Nxe4 24. Rxe4 gxf5 25. Rf4 b5 26. axb5 axb5 27. Qc2 b4 28.
Qxf5+ Kh8 29. Ne4 Qd8 30. Rh4 f6 31. Kg2 Rc7 32. Rdh1 Kg8 33. d6 Qd7 34. Qd5+
Qf7 35. Qf5 Qd7 36. Qd5+ Qf7 37. Qf5 1/2-1/2

[Event "2. Bundesliga West 2012/13"]
[Site "Bregenz"]
[Date "2013.01.13"]
[Round "8"]
[Board "3"]
[White "Ager, Josef"]
[Black "Ljubic, Juro"]
[Result "1/2-1/2"]
[WhiteElo "2170"]
[BlackElo "2193"]
[PlyCount "68"]
[EventDate "2012.10.05"]
[EventType "team"]
[EventRounds "11"]
[EventCountry "AUT"]
[WhiteTeam "ATSV Ranshofen"]
[BlackTeam "Schwarzach"]

1. d4 Nf6 2. Nf3 e6 3. e3 b6 4. Bd3 Bb7 5. Nbd2 c5 6. O-O Be7 7. Qe2 O-O 8. c3
d5 9. e4 dxe4 10. Nxe4 Nbd7 11. Rd1 Qc7 12. Bg5 h6 13. Nxf6+ Bxf6 14. Be3 e5
15. Bf5 Rad8 16. Rac1 Rfe8 17. Bb1 e4 18. Nd2 cxd4 19. cxd4 Qd6 20. Qg4 Qd5 21.
Bxh6 Nf8 22. Be3 Ng6 23. Nf1 Qb5 24. Ng3 Bc8 25. Qe2 Qd5 26. Qc4 Qa8 27. Qe2
Nh4 28. d5 Rxd5 29. Bxe4 Rxd1+ 30. Qxd1 Bb7 31. f3 Bxe4 32. Nxe4 Bxb2 33. Rc7
Be5 34. Rd7 Qb8 1/2-1/2

[Event "2. Bundesliga West 2012/13"]
[Site "Bregenz"]
[Date "2013.01.13"]
[Round "8"]
[Board "5"]
[White "Spiesberger, Gerhard"]
[Black "Hajdarevic, Dino"]
[Result "0-1"]
[WhiteElo "2130"]
[BlackElo "2044"]
[PlyCount "102"]
[EventDate "2012.10.05"]
[EventType "team"]
[EventRounds "11"]
[EventCountry "AUT"]
[WhiteTeam "ATSV Ranshofen"]
[BlackTeam "Schwarzach"]

1. b3 Nf6 2. f4 d5 3. Nf3 g6 4. Bb2 Bg7 5. e3 O-O 6. Be2 c5 7. O-O a6 8. Qe1
Nc6 9. d3 d4 10. e4 Nb4 11. Bd1 Ng4 12. a3 Nc6 13. h3 Ne3 14. Rf2 Qc7 15. Nbd2
Bh6 16. Nf1 Bxf4 17. Bc1 Nxd1 18. Bxf4 Qxf4 19. Rxd1 Qh6 20. Ng3 e5 21. Qe2 Be6
22. Nh2 Qe3 23. Qxe3 dxe3 24. Rff1 f5 25. exf5 gxf5 26. Rfe1 Nd4 27. Rc1 Bd5
28. Ne2 f4 29. Nc3 Bc6 30. Ne2 h5 31. Nxd4 exd4 32. Rf1 Rf5 33. Nf3 Rd8 34.
Rce1 Rdf8 35. Re2 b5 36. h4 Bxf3 37. Rxf3 R5f7 38. Re1 Rg7 39. Ref1 Rg4 40. g3
Kg7 41. Kg2 Kg6 42. Rxf4 Rfxf4 43. Rxf4 Rxf4 44. gxf4 Kf5 45. Kf3 e2 46. Kxe2
Kxf4 47. b4 cxb4 48. axb4 Kg3 49. c4 dxc3 50. d4 Kxh4 51. d5 Kg5 0-1

[Event "2. Bundesliga West 2012/13"]
[Site "Bregenz"]
[Date "2013.01.13"]
[Round "8"]
[Board "6"]
[White "Bjelosevic, Bozo"]
[Black "Fruehauf, Norbert"]
[Result "1/2-1/2"]
[WhiteElo "1980"]
[BlackElo "2082"]
[PlyCount "80"]
[EventDate "2012.10.05"]
[EventType "team"]
[EventRounds "11"]
[EventCountry "AUT"]
[WhiteTeam "Schwarzach"]
[BlackTeam "ATSV Ranshofen"]

1. Nc3 b6 2. e4 Bb7 3. d4 e6 4. Be3 Bb4 5. f3 d6 6. a3 Bxc3+ 7. bxc3 Nd7 8. Nh3
h6 9. Be2 Qe7 10. O-O Ngf6 11. Qd2 e5 12. Nf2 g5 13. d5 Nf8 14. a4 a5 15. Bb5+
N6d7 16. Ng4 f6 17. Bf2 Ng6 18. Ne3 h5 19. Nf5 Qf8 20. Qd3 Bc8 21. Qc4 Kd8 22.
Rab1 Nb8 23. Bc6 Ba6 24. Bb5 Bc8 25. Bc6 Ba6 26. Bb5 Bc8 27. Qb3 Rh7 28. Rfd1
g4 29. fxg4 hxg4 30. Be2 Bxf5 31. exf5 Nf4 32. Qc4 Qh6 33. Bg3 Nh5 34. Qxg4 Nd7
35. Qxh5 Qxh5 36. Bxh5 Rxh5 37. Rf1 Nc5 38. Ra1 Ke7 39. Rf3 Rg8 40. Bf2 Ne4
1/2-1/2

[Event "2. Bundesliga West 2012/13"]
[Site "Bregenz"]
[Date "2013.01.13"]
[Round "8"]
[Board "1"]
[White "Anistratov, Dmitrij"]
[Black "Besner, Bernhard"]
[Result "0-1"]
[WhiteElo "2332"]
[BlackElo "2182"]
[PlyCount "96"]
[EventDate "2012.10.05"]
[EventType "team"]
[EventRounds "11"]
[EventCountry "AUT"]
[WhiteTeam "Goetzis"]
[BlackTeam "ASK 1"]

1. c4 e6 2. g3 d5 3. Bg2 dxc4 4. Qc2 Nd7 5. Qxc4 a6 6. a4 b5 7. Qc2 Rb8 8. d4
Ngf6 9. axb5 axb5 10. Bf4 Bd6 11. Bxd6 cxd6 12. Nd2 Bb7 13. e4 O-O 14. Ne2 Qb6
15. b4 Rfc8 16. Qd3 Ra8 17. O-O Ra4 18. Rab1 Qa6 19. Rb3 Ra1 20. Nc3 Rxf1+ 21.
Bxf1 Bc6 22. Ncb1 Nb6 23. Ra3 Qb7 24. f3 Nc4 25. Ra2 Nd7 26. Nb3 Ndb6 27. Nc3
Ra8 28. Na5 Nxa5 29. bxa5 Nc4 30. d5 exd5 31. exd5 Bd7 32. Qb1 Qa7+ 33. Kh1 Qe3
34. Qd3 Qe1 35. g4 Ne3 36. Kg1 Nxf1 37. Re2 Qc1 38. Rc2 Qe3+ 39. Qxe3 Nxe3 40.
Re2 b4 41. Ne4 Nxd5 42. Nxd6 Rxa5 43. Rd2 b3 44. Nc4 Ra1+ 45. Kf2 Ra2 46. Nb2
Kf8 47. Kg3 Be6 48. f4 Nc3 0-1

[Event "2. Bundesliga West 2012/13"]
[Site "Bregenz"]
[Date "2013.01.13"]
[Round "8"]
[Board "2"]
[White "Harringer, Franz"]
[Black "Mittelberger, Peter"]
[Result "1-0"]
[WhiteElo "2214"]
[BlackElo "2217"]
[PlyCount "70"]
[EventDate "2012.10.05"]
[EventType "team"]
[EventRounds "11"]
[EventCountry "AUT"]
[WhiteTeam "ASK 1"]
[BlackTeam "Goetzis"]

1. e4 d6 2. d4 g6 3. f4 Bg7 4. Nf3 Nf6 5. Nc3 O-O 6. a3 Na6 7. Be3 c5 8. Bxa6
cxd4 9. Bxd4 bxa6 10. O-O Bb7 11. Qd3 Qc8 12. Rae1 Bc6 13. Nd5 Re8 14. c4 a5
15. Bc3 a4 16. Nd4 Bb7 17. Nb5 Nxd5 18. Bxg7 Kxg7 19. exd5 Ba6 20. f5 Bxb5 21.
cxb5 Qd7 22. Rc1 Rab8 23. Rc6 Rb7 24. Rf4 f6 25. g4 Reb8 26. Rb4 a5 27. Rbc4
Rxb5 28. Rc7 Qd8 29. Qe3 Rxb2 30. Qc3 R2b3 31. Qd4 Rb2 32. fxg6 Rb1+ 33. Kg2
R8b2+ 34. Kf3 Rb3+ 35. Kf4 {Rest unleserlich} Rh3 1-0